000
00294nam a2200121Ia 4500
008
190216s9999||||xx |||||||||||||| ||und||
100
_a
Ganguly A K&Amp; Kumar N C
245
0
_a
Introduction To Plant Physiology
260
_b
Emkay Pubs
_c
1990
300
_a
232p
650
_a
Botany
942
_c
BK
999
_c
1446
_d
1446